00564nam a2200205 a 4500001001300000003000900013005001700022008004100039020001000080082001300090100002600103245003700129260004200166300000800208500003500216505001400251650003000265650003700295700002600332nice12345678IN_TiNIC20260116011540.0050524s1940 newa grp 000 0 eng  ac10000a911bWPC aWorld Publishing Co,  aGlobal Atlas of the World at War aNew YorkbWorld Publishing Co.,c1940 a48p aincludes index and biblioraphy2 areference aHistorical Geography-Maps aWorld War, 1939-1945-Cartography1 aWorld Publishing Co,